| 000 | 00971nam a2200313 a 4500 | ||
|---|---|---|---|
| 001 | 22506 | ||
| 003 | SK-KTurca | ||
| 005 | 20260330151150.0 | ||
| 008 | 250414s1977 xo 0 slo | ||
| 015 | _aSNBA1977 | ||
| 035 | _aSNK000048842 | ||
| 040 |
_aSNK _bslo _cSNK _eAACR2 |
||
| 041 | 0 | _aslo | |
| 044 |
_axo _cSK |
||
| 080 |
_a820-3 _21981 |
||
| 100 | 1 |
_aRead, Piers Paul, _d1941- _4aut |
|
| 245 | 1 | 0 |
_aProfesorova dcéra _cPier Paul READ ; Pier Paul Read, Dušan Janák, G. Andžaparidze, Milan Veselý |
| 250 | _a1. vyd. | ||
| 260 |
_aBratislava _bSmena _c1977 _eBratislava _fPolygrafické závody |
||
| 300 |
_a335 s., 16,39 AH _c20 cm |
||
| 366 | _e20000 výtl. | ||
| 700 | 1 |
_aAndžaparidze, G. _4[ADC] |
|
| 700 | 1 |
_aVeselý, Milan, _d1939-2015 _4bkd |
|
| 700 | 1 |
_aRead, Piers Paul, _d1941- _4aut |
|
| 700 | 1 |
_aJanák, Dušan, _d1940- _4trl |
|
| 942 |
_2ddc _cKLDO _n0 |
||
| 999 |
_c22506 _d22506 |
||